000 01823cam a22004814i 4500
003 PE-LiUPU
005 20250731173028.0
008 150623s r 000 0 d
020 _a1565633377
035 _a(Sirsi) i9781565633377
040 _aPE-LiUPU
_bspa
_cPE-LiUPU
_erda
049 _aPRUA
082 0 4 _a261.8321
_bA89
_221
100 1 _aAvalos, Hector,
_eautor.
245 1 0 _aHealth care and the rise of christianity /
_cHector Avalos.
264 1 _aPeabody, Massachusetts :
_bHendrickson Publishers,
_c1999.
300 _a166 páginas :
_bilustraciones, gráficos ;
_c21 centímetros
336 _atext
_2rdacontent
337 _aunmediated
_2rdamedia
338 _avolume
_2rdacarrier
504 _aIncluye bibliografía.
505 0 _aHealth care as a system. -The israelite health care systems. -Major greco-roman traditions. -The socioreligious frameworks. -Therapeutic strategies. -Economics. -Geographical accessibility. -Time. -Comparative synthesis.
526 _aSEG42
526 _aSEG41
526 _aSEG40
526 _aSEG39
526 _aP94
526 _aP87
526 _aP86
526 _aP85
526 _aP77
526 _aP76
526 _aP35
650 0 4 _aCuración
_xCristianismo
_xHistoria de las doctrinas
_yla iglesia temprana, ca. 30-600.
650 0 4 _aCuración
_xHistoria de las doctrinas.
650 0 4 _aMedicina, griega y romana.
942 _2ddc
_cBOOK
949 _a261.8321 A89
_wDEWEY
_c1
_i48034
_lCCODEBUL1
_mBUL
_r0
_sY
_tBOOK
_u2015-6-24
_xTEOLOGIA
_PP35
_0COMPRA
_o.STAFF. Colección General
994 _aC0
_bPEPRU
596 _a1
999 _a261.8321 A89
_wDEWEY
_c24538
_i48034
_f2021-11-10
_g5
_lCCODEBUL1
_mBUL
_r0
_sY
_tBOOK
_u2015-6-24
_xTEOLOGIA
_PP35
_0COMPRA
_o.STAFF. Colección General
_d24538
980 _81
_gALBERTO SANCHEZ Responsable de Automatización